British History by Letter - O - Statistics

General Stats
  • This quiz has been taken 554 times
    473 since last reset
  • The average score is 5 of 8
Answer Stats
Hint Answer % Correct
World's second oldest university in continuous operation Oxford University
99%
London becomes the first city to host this international sporting event for the third time Olympic Games
87%
Island group of the northeast coast of Scotland that held a significant Neolithic presence Orkney
82%
First child protagonist in an English novel Oliver Twist
73%
Series of wars that led the Qing dynasty to cede Hong Kong to the United Kingdom Opium Wars
72%
King of England, Scotland and Ireland who ruled jointly alongside his wife and cousin Mary II William of Orange
42%
Large linier earthwork roughly following the border of England and Wales, named for the Anglo-Saxon King of Mercia Offa's Dyke
28%
Isle of Wight residence of Queen Victoria Osborne House
26%
No matching quizzes found
Score Distribution
Percent of People with Each Score
Percentile by Number Answered
Your Score History
You have not taken this quiz since the last reset